000 00686nam a2200265Ia 4500
005 20260121172842.0
008 008 260114s9999 xx 000 0 eng d
020 _a9783030809522
037 _aEBOOK
040 _aCRL
040 _beng
040 _cCRL
041 _2eng
041 _aeng
084 _qCRL
100 _aHowell G. M. Edwards
_91093557
245 0 _aPorcelain Analysis and Its Role in the Forensic Attribution of Ceramic Specimens
260 _bSpringer
260 _bSpringer
260 _c2022
856 _uhttps://link.springer.com/openurl?genre=book&isbn=978-3-030-80952-2
942 _cEBOOK
999 _c1659299
_d1659299